000
00295nam a2200121Ia 4500
008
190216s9999||||xx |||||||||||||| ||und||
100
_a
Kanthi Kumar Jain
245
0
_a
Hindi - Lowt Kar Aans Naheem Hoga
260
_b
Mythrey Publication
_c
2002
300
_a
262
650
_a
Hindi
942
_c
BK
999
_c
16156
_d
16156